[Event "Auckland North Shore op 44th"]
[Site "Auckland"]
[Date "2017.08.27"]
[Round "4"]
[White "Nagorski, Alex"]
[Black "Qin, Nicole Shu Yu"]
[Result "1-0"]
[WhiteElo "1859"]
[BlackElo "1551"]
[PlyCount "69"]
[EventDate "2017.08.26"]
[EventType "swiss"]
[EventRounds "5"]
[EventCountry "NZL"]
[SourceTitle "CBM 180 Extra"]
[Source "ChessBase"]
[SourceDate "2017.10.06"]
[SourceVersion "1"]
[SourceVersionDate "2017.10.06"]
[SourceQuality "1"]

1. Nf3 e6 2. c4 d5 3. d4 c6 4. Nc3 Nf6 5. e3 Bd6 6. Bd3 dxc4 7. Bxc4 b5 8. Bd3 Bb7 9. 0-0 0-0 10. e4 Be7 11. Qc2 h6 12. Rd1 Na6 13. Qe2 Nc7 14. e5 Nfd5 15. Qe4 f5 16. exf6 Nxf6 17. Qg6 Qe8 18. Qg3 Ncd5 19. Nxd5 exd5 20. Bxh6 Nh5 21. Qc7 gxh6 22. Re1 Qc8 23. Qxc8 Bxc8 24. Rxe7 Nf4 25. Bh7+ Kh8 26. Ne5 Bf5 27. Bxf5 Rxf5 28. Nf7+ Kg7 29. Nd6+ Kf6 30. Nxf5 Kxf5 31. Rf7+ Kg5 32. h4+ Kg4 33. f3+ Kg3 34. Rg7+ Kxh4 35. Rg4+ 1-0

[Event "Auckland North Shore op 44th"]
[Site "Auckland"]
[Date "2017.08.26"]
[Round "1"]
[White "Li, Shenyue"]
[Black "Nagorski, Alex"]
[Result "1-0"]
[WhiteElo "2038"]
[BlackElo "1859"]
[PlyCount "65"]
[EventDate "2017.08.26"]
[EventType "swiss"]
[EventRounds "5"]
[EventCountry "NZL"]
[SourceTitle "CBM 180 Extra"]
[Source "ChessBase"]
[SourceDate "2017.10.06"]
[SourceVersion "1"]
[SourceVersionDate "2017.10.06"]
[SourceQuality "1"]

1. e4 e6 2. d4 d5 3. Nc3 Bb4 4. e5 c5 5. a3 Bxc3+ 6. bxc3 Ne7 7. a4 Nbc6 8. Nf3 Qa5 9. Bd2 c4 10. Qb1 0-0 11. Nh4 f6 12. f4 Ng6 13. Nxg6 hxg6 14. Be2 fxe5 15. fxe5 Qc7 16. h4 Qf7 17. Be3 Bd7 18. Kd2 Ne7 19. g4 Rab8 20. Qg1 Qe8 21. h5 gxh5 22. gxh5 Nf5 23. h6 g6 24. h7+ Kh8 25. Bg5 Ng7 26. Bf6 Rxf6 27. exf6 Nf5 28. Qh2 Qf8 29. Qe5 Qd6 30. Rag1 Rf8 31. Rxg6 Be8 32. f7+ Qxe5 33. Rg8+ 1-0

[Event "Waitakere Trusts op 40th"]
[Site "Waitakere"]
[Date "2017.06.04"]
[Round "4"]
[White "Morrell, Gordon"]
[Black "Nagorski, Alex"]
[Result "1-0"]
[WhiteElo "2081"]
[BlackElo "1815"]
[PlyCount "69"]
[EventDate "2017.06.03"]
[EventType "swiss"]
[EventRounds "6"]
[EventCountry "NZL"]
[SourceTitle "EXT 2018"]
[Source "ChessBase"]
[SourceDate "2017.10.13"]
[SourceVersion "1"]
[SourceVersionDate "2017.10.13"]
[SourceQuality "1"]

1. c4 c5 2. Nf3 Nf6 3. Nc3 Nc6 4. e3 g6 5. d4 cxd4 6. exd4 d5 7. Bg5 Be6 8. Bxf6 exf6 9. c5 Be7 10. h3 0-0 11. Bb5 Qc7 12. 0-0 Rfc8 13. a3 g5 14. b4 g4 15. hxg4 Qf4 16. Bxc6 bxc6 17. Nh2 Kh8 18. Ne2 Qh6 19. f4 f5 20. g5 Qg7 21. Qe1 Rg8 22. Nf3 f6 23. Ng3 fxg5 24. Nh5 Qf7 25. Qe5+ Rg7 26. Qxg7+ Qxg7 27. Nxg7 Kxg7 28. Rae1 Kf7 29. Ne5+ Kf6 30. fxg5+ Kxg5 31. Nxc6 Kf6 32. Rxe6+ Kxe6 33. Re1+ Kd7 34. Nxe7 Re8 35. c6+ 1-0

[Event "Auckland ANZAC op"]
[Site "Auckland"]
[Date "2017.04.22"]
[Round "2"]
[White "Nagorski, Alex"]
[Black "Thornton, Giovanni Antonio"]
[Result "0-1"]
[WhiteElo "1788"]
[BlackElo "2144"]
[PlyCount "114"]
[EventDate "2017.04.22"]
[EventType "swiss"]
[EventRounds "6"]
[EventCountry "NZL"]
[SourceTitle "CBM 178 Extra"]
[Source "ChessBase"]
[SourceDate "2017.06.22"]
[SourceVersion "1"]
[SourceVersionDate "2017.06.22"]
[SourceQuality "1"]

1. e4 e6 2. d4 d5 3. Nc3 Bb4 4. a3 Bxc3+ 5. bxc3 dxe4 6. Qg4 Nf6 7. Qxg7 Rg8 8. Qh6 Rg6 9. Qe3 b6 10. Ne2 Bb7 11. Ng3 Qd5 12. c4 Qd7 13. Bb2 Nc6 14. 0-0-0 0-0-0 15. Nxe4 Nxe4 16. Qxe4 Na5 17. d5 exd5 18. cxd5 Bxd5 19. Ba6+ Kb8 20. Qd3 Qa4 21. Bb5 Qf4+ 22. Qe3 Qxe3+ 23. fxe3 Nb7 24. Rhg1 Be4 25. Rxd8+ Nxd8 26. g3 Kb7 27. Rd1 Rd6 28. Be5 Rxd1+ 29. Kxd1 Nc6 30. Bf6 Na5 31. Be2 Kc6 32. Kd2 Nb7 33. h4 Nc5 34. g4 Kd5 35. g5 Bg2 36. Bd8 Ne4+ 37. Ke1 c6 38. Bh5 Ke6 39. Bc7 Bh3 40. Bb8 a6 41. Bf3 Bf5 42. Bc7 b5 43. Bb6 Kd5 44. Be2 c5 45. Ba5 Nd6 46. Bd2 Bxc2 47. a4 Bf5 48. axb5 axb5 49. Kd1 b4 50. Kc1 Ne4 51. Bf3 Kc4 52. Bxe4 Bxe4 53. Kb2 Kb5 54. Be1 c4 55. Bg3 c3+ 56. Kb3 Bd5+ 57. Kc2 Kc4 0-1